000 00494nam a22001817a 4500
003 CEME
005 20210628203750.0
008 210115b xxu||||| |||| 00| 0 eng d
020 _a9780070582019
040 _c.
082 _a005.133 QUI
100 _aQuinn, Michael J
_967192
245 _aParallel programming in c with mpi and openmp
260 _aINDIA
_bMCGRAW HILL
_c2004
300 _aXIV, 529P
650 _aPARALLEL PROGRAMMING IN C WITH MPI AND OPENMP
_967193
942 _cBK
_2ddc
999 _c575029
_d575029